Capitali più popolose dalla A alla Z - Statistics

Statistiche generali
  • Questo quiz è stato fatto 107 volte
  • Il punteggio medio è 12 su 24
Statistiche sulle risposte
Lettera Abitanti Città % Corretto
P 11 716 620 Pechino
89%
M 10 381 222 Mosca
78%
T 8 336 599 Tokyo
78%
W 601 723 Washington D.C.
74%
B 13 076 300 Buenos Aires
68%
C 12 294 193 Città del Messico
68%
Z 698 966 Zagabria
58%
G 8 540 121 Giacarta
55%
I 7 734 614 Il Cairo
55%
H 1 431 270 Hanoi
54%
U 844 818 Ulan Bator
53%
Q 1 399 814 Quito
47%
D 10 356 500 Dacca
46%
A 3 517 182 Ankara
42%
E 1 093 485 Erevan
39%
L 7 737 002 Lima
35%
R 4 205 961 Riad
35%
N 2 750 547 Nairobi
30%
K 7 785 965 Kinshasa
27%
V 1 691 468 Vienna
27%
Y 1 299 369 Yaoundè
27%
F 802 639 Freetown
24%
S 10 349 312 Seoul
23%
O 1 086 505 Ouagadougou
18%
Nessun quiz corrispondente trovato
Distribuzione punteggi
Percentuale di utenti per punteggio
Percentile per numero di risposta
I tuoi punteggi nel tempo
Non hai fatto questo quiz